| 000 | 01105 a2200181 4500 | ||
|---|---|---|---|
| 003 | Nust | ||
| 005 | 20221122122911.0 | ||
| 020 | _a8172249829 | ||
| 040 | _cNust | ||
| 082 | _a621.381,SHU | ||
| 100 |
_aShugg, W. Tillar _9103331 |
||
| 245 |
_aHandbook of Electrical & Electronic Insulating Materials / _cW. Tillar Shugg |
||
| 260 |
_aMumbai _bjaico publishing house _c2002 |
||
| 300 | _axv,598p | ||
| 505 | _aFundamentals(Page-1), Thermoplastic Molding Compounds (Page-13), Thermosetting Molding Compounds (Page-87), Extrusion Compounds (Page-111), Embedding Compounds (Page-155), Magnet Wire Enamels (Page-177), Insulating Coatings and Impregnants (Page-223), Unclad and Clad Structures(Page-255), Dielectric Films (Page-291), Dielectric Papers and Boards (Page-319),Tapes and Coated Fabric (Page-335), Tubing and Sleeving (Page-381), Mica and Mica Products (Page-419), Ceramic and Glass Insulations (Page-435), Dielectric Gases (Page-451), Dielectric Liquids (Page-471), Industry Activities (Page-495), Government Activities (Page-513). | ||
| 650 | _aTelecommunication Engineering | ||
| 942 |
_2ddc _cBK |
||
| 999 |
_c190571 _d190571 |
||